[Event "SLO-ch blind int 11th"]
[Site "Izola"]
[Date "2015.06.08"]
[Round "1"]
[White "Ghoorchibeygi, Alireza"]
[Black "Cizman, Gregor"]
[Result "1-0"]
[WhiteElo "1980"]
[BlackElo "1688"]
[PlyCount "33"]
[EventDate "2015.06.08"]
[EventType "swiss"]
[EventRounds "7"]
[EventCountry "SLO"]
[SourceTitle "EXT 2024"]
[Source "ChessBase"]
[SourceDate "2023.10.10"]
[SourceVersion "1"]
[SourceVersionDate "2023.10.10"]
[SourceQuality "1"]

1. Nf3 Nf6 2. d4 d5 3. Bf4 e6 4. e3 Bd6 5. Ne5 a6 6. Bd3 c6 7. Nd2 0-0 8. c3 Qc7 9. h4 Nbd7 10. Ndf3 c5 11. Rh3 b5 12. h5 Ne4 13. Nxd7 Bxd7 14. Ne5 f6 15. Nxd7 Qxd7 16. Bxe4 dxe4 17. dxc5 1-0